000 00555nam a2200217Ia 4500
003 OSt
005 20220928143406.0
006 a|||||r|||| 00| 0
007 ta
008 220927b |||||||| |||| 00| 0 eng d
024 _a21867
037 _cTextual
040 _aSDCL
_cSDCL
_beng
041 _2eng
_aeng
082 _aQxN04, L6
100 _aMeynell Hugo A
_9505238
245 0 _aIntroduction to the philosophy of Bernard Lonergan.
260 _c1976
942 _hQxN04, L6
_cTEXL
_2CC
999 _c823889
_d823889